| 000 | 00566cam a2200181 4500 | ||
|---|---|---|---|
| 001 | D5160 | ||
| 008 | 090401t xxu||||| |||| 00| 0 eng d | ||
| 035 | _a(Sirsi) u36553 | ||
| 041 | _aeng | ||
| 050 | _a692.209421 | ||
| 110 |
_aGreater London Council _91146 |
||
| 245 | _aLondon Building Acts (Amendment) Act 1939, s.20. Code of Practice for buildings of excess height and/or additional cubical extent requiring approval under s.20... | ||
| 260 |
_aLondon _bGreater London Council _cnd |
||
| 300 | _a78p. 30cm | ||
| 350 | _a0.3 | ||
| 942 | _n0 | ||
| 948 | _c04/03/1997 | ||
| 999 |
_c90328 _d90328 |
||